000
00312nam a22001337a 4500
008
171201b xxu||||| |||| 00| 0 eng d
020
_a
9780078035180
041
_a
eng
080
_2
9TH
_a
159.9
100
_a
48
101
_a
PSI
245
_a
RESEARCH METHODS IN PSYCHOLOGY
_c
SHAUGHNESSY,J,J
942
_2
udc
_c
BK
999
_c
38699
_d
38699